000 00791cam a2200265 a 4500
001 22447
003 SK-KTurca
005 20260328121920.0
008 171201s1994 xo 00001 slo
020 _a808536395X
_q(viaz.)
040 _aSNK
_bslo
_cSNK
_eAACR2
041 1 _aslo
_heng
044 _axo
_cSK
072 7 _a821.111-3
_xAnglická próza, anglicky písaná
_2konspekt
080 _a821.111(415)-31
_22001
100 1 _aScott, Michael,
_d1959-
_4aut
245 1 0 _aDiabolská vidina
_cMichael Scott ; preložila Anna Šťuková
250 _a1. slov. vyd.
260 _a[Bratislava]
_bCesty
_c1994
300 _a280 s.
_c19 cm
500 _aPreložené z angličtiny
655 7 _aírske romány (anglicky)
_2SNKPH
700 1 _aŠťuková, Anna
_4trl
942 _2ddc
_cKLDO
_n0
999 _c22447
_d22447